MISS OR TAKE (Record no. 8223)

MARC details
000 -LEADER
fixed length control field 00280nam a2200133Ia 4500
008 - FIXED-LENGTH DATA ELEMENTS--GENERAL INFORMATION
fixed length control field 260604s9999 xx 000 0 und d
020 ## - INTERNATIONAL STANDARD BOOK NUMBER
International Standard Book Number 9789349983991
082 ## - DEWEY DECIMAL CLASSIFICATION NUMBER
Classification number 824 MOH
100 ## - MAIN ENTRY--PERSONAL NAME
Personal name MOHANTY
9 (RLIN) 35408
245 #0 - TITLE STATEMENT
Title MISS OR TAKE
260 ## - PUBLICATION, DISTRIBUTION, ETC.
Name of publisher, distributor, etc. DPS
500 ## - GENERAL NOTE
General note Life
942 ## - ADDED ENTRY ELEMENTS (KOHA)
Koha item type Book
Holdings
Date last seen Total Checkouts Full call number Barcode Cost, replacement price Price effective from Koha item type Lost status Damaged status Not for loan Withdrawn status Home library Current library Shelving location Date acquired Cost, normal purchase price BOOK NO
06/04/2026   824 MOH 003841 795.00 06/04/2026 Book         Indian Institute of Management Visakhapatnam Indian Institute of Management Visakhapatnam   06/04/2026 795.00 MOH

Copyright © 2024 Indian Institute of Management Visakhapatnam
Koha v23.05